| 000 | 00767cab a22002055a 4500 | ||
|---|---|---|---|
| 001 | L141340 | ||
| 008 | 071116e20071109xxkad f s 000 0 eng d | ||
| 035 | _a(Sirsi) u141340 | ||
| 041 | 0 | _aeng | |
| 100 | 1 | _aJansen, Mark | |
| 245 | 0 | 4 | _aThe shock of renewal |
| 260 | _c2007 | ||
| 490 | 0 |
_aProperty Week _v72(45) 9 November 2007, 76-77(2) |
|
| 520 | _aReports on the Strutt and Parker 2007 Lease Events Review. Finds that landlords must work harder for their rent as tenants are leaving more often. | ||
| 590 | _aka | ||
| 650 | 2 | 4 | _aSTRUTT AND PARKER LEASE EVENTS REVIEW |
| 651 | 4 |
_aUnited Kingdom _y |
|
| 690 | _aPROPERTY-COMMERCIAL PROPERTY-LEASEHOLD COMMERCIAL PROPERTY-COMMERCIAL LANDLORD AND TENANT-COMMERCIAL LEASES-COMMERCIAL LEASE RENEWAL | ||
| 942 | _n0 | ||
| 999 |
_c79460 _d79460 |
||